[Event "Halifax"]
[Site "Halifax CAN"]
[Date "2012.05.20"]
[Round "4"]
[White "Giacomin, Gordon"]
[Black "Wysocki, Antoni"]
[Result "0-1"]
[WhiteElo "2005"]
[BlackElo "2196"]
[PlyCount "50"]
[GameId "2160767909509273"]
[EventDate "2012.05.19"]
[EventType "tourn"]
[EventRounds "5"]
[EventCountry "CAN"]
[SourceTitle "EXT 2022"]
[Source "ChessBase"]
[SourceDate "2021.10.06"]
[SourceVersion "1"]
[SourceVersionDate "2021.10.06"]
[SourceQuality "1"]

1. e4 c5 2. Nf3 e6 3. d4 cxd4 4. Nxd4 Nf6 5. Nc3 d6 6. Be3 Be7 7. Qd2 O-O 8. f3 Nc6 9. Be2 d5 10. Nxc6 bxc6 11. e5 Nd7 12. f4 c5 13. Bf2 Rb8 14. b3 f6 15. exf6 Nxf6 16. Bf3 d4 17. Ne2 Nd5 18. O-O Ba6 19. Rfe1 Bf6 20. Rac1 e5 21. Bxd5+ Qxd5 22. fxe5 Bxe5 23. Nc3 Qd6 24. Rcd1 Bxh2+ 25. Kh1 Bf4 0-1

[Event "Halifax"]
[Site "Halifax CAN"]
[Date "2012.05.20"]
[Round "4"]
[White "Pentz, Brian"]
[Black "Martin, Brendan"]
[Result "0-1"]
[WhiteElo "1921"]
[BlackElo "2024"]
[PlyCount "58"]
[GameId "2160767909509274"]
[EventDate "2012.05.19"]
[EventType "tourn"]
[EventRounds "5"]
[EventCountry "CAN"]
[SourceTitle "EXT 2022"]
[Source "ChessBase"]
[SourceDate "2021.10.06"]
[SourceVersion "1"]
[SourceVersionDate "2021.10.06"]
[SourceQuality "1"]

1. f4 e5 2. fxe5 d6 3. Nf3 dxe5 4. e4 Nc6 5. Bb5 Bc5 6. Qe2 Bg4 7. d3 Nge7 8. Bg5 f6 9. Be3 Qd6 10. Nbd2 Bxe3 11. Qxe3 O-O-O 12. a3 Bxf3 13. gxf3 Nd4 14. Ba4 Ng6 15. O-O-O Qc5 16. Kb1 Nf4 17. Nf1 Qa5 18. Bb3 Rd6 19. Nd2 Qc5 20. Qg1 g6 21. Qg4+ Kb8 22. Rhf1 Rb6 23. Qd7 Rxb3 24. cxb3 Qc2+ 25. Ka1 Nxd3 26. Rb1 Qxd2 27. Rfd1 Qe2 28. Ka2 Qxf3 29. Rf1 Nb4+ 0-1

[Event "Halifax"]
[Site "Halifax CAN"]
[Date "2012.05.21"]
[Round "5"]
[White "Gonzalez Cueto, Jose"]
[Black "Pentz, Brian"]
[Result "1-0"]
[WhiteElo "2077"]
[BlackElo "1921"]
[PlyCount "87"]
[GameId "2160767909509275"]
[EventDate "2012.05.19"]
[EventType "tourn"]
[EventRounds "5"]
[EventCountry "CAN"]
[SourceTitle "EXT 2022"]
[Source "ChessBase"]
[SourceDate "2021.10.06"]
[SourceVersion "1"]
[SourceVersionDate "2021.10.06"]
[SourceQuality "1"]

1. d4 f5 2. g3 Nf6 3. Bg2 c5 4. Nf3 e6 5. O-O Nc6 6. c3 cxd4 7. Nxd4 Nxd4 8. Qxd4 Be7 9. Nd2 O-O 10. Nb3 Qc7 11. Bf4 d6 12. Bg5 e5 13. Qd3 Be6 14. Rad1 Rad8 15. Qb5 b6 16. Nc1 d5 17. Bxf6 Bxf6 18. Bxd5 Bxd5 19. Rxd5 Rxd5 20. Qxd5+ Kh8 21. Nd3 g6 22. Kg2 Rd8 23. Qe6 Kg7 24. f3 Rd6 25. Qe8 Qc4 26. Qa8 Qxa2 27. Qb7+ Qf7 28. Qxf7+ Kxf7 29. Ra1 a5 30. Ra4 g5 31. Rc4 Ke6 32. b3 h5 33. h3 Kd5 34. e4+ Ke6 35. exf5+ Kxf5 36. Nf2 Rd2 37. Rc6 Rc2 38. g4+ hxg4 39. hxg4+ Kg6 40. Kg3 Kf7 41. Rxb6 Rxc3 42. Rxf6+ Kxf6 43. Ne4+ Ke6 44. Nxc3 1-0

[Event "Halifax"]
[Site "Halifax CAN"]
[Date "2012.05.21"]
[Round "5"]
[White "Martin, Brendan"]
[Black "Giacomin, Gordon"]
[Result "1-0"]
[WhiteElo "2024"]
[BlackElo "2005"]
[PlyCount "43"]
[GameId "2160767909509276"]
[EventDate "2012.05.19"]
[EventType "tourn"]
[EventRounds "5"]
[EventCountry "CAN"]
[SourceTitle "EXT 2022"]
[Source "ChessBase"]
[SourceDate "2021.10.06"]
[SourceVersion "1"]
[SourceVersionDate "2021.10.06"]
[SourceQuality "1"]

1. e4 c5 2. c3 Nf6 3. e5 Nd5 4. d4 cxd4 5. Nf3 Nc6 6. Bc4 Nb6 7. Bb3 d5 8. cxd4 Bg4 9. Be3 e6 10. O-O Be7 11. Nbd2 O-O 12. Qe2 Qd7 13. Rfd1 Rfc8 14. Nf1 Na5 15. Bc2 Rc7 16. Ng3 Rac8 17. Bb1 Nc6 18. h3 Bxf3 19. Qxf3 Nb4 20. Qg4 Kh8 21. Nh5 Rg8 22. Bxh7 1-0

[Event "Halifax"]
[Site "Halifax CAN"]
[Date "2012.05.21"]
[Round "5"]
[White "Wysocki, Antoni"]
[Black "Charlton, Glenn"]
[Result "1-0"]
[WhiteElo "2196"]
[BlackElo "2030"]
[PlyCount "56"]
[GameId "2160767909509277"]
[EventDate "2012.05.19"]
[EventType "tourn"]
[EventRounds "5"]
[EventCountry "CAN"]
[SourceTitle "EXT 2022"]
[Source "ChessBase"]
[SourceDate "2021.10.06"]
[SourceVersion "1"]
[SourceVersionDate "2021.10.06"]
[SourceQuality "1"]

1. c4 Nf6 2. Nc3 g6 3. g3 Bg7 4. Bg2 O-O 5. Nf3 d6 6. d3 e5 7. O-O h6 8. Rb1 a5 9. a3 Re8 10. b4 axb4 11. axb4 e4 12. dxe4 Nxe4 13. Nxe4 Rxe4 14. Nd2 Re8 15. Bb2 Bxb2 16. Rxb2 Qf6 17. Rb3 Nc6 18. Ne4 Qg7 19. b5 Ne5 20. b6 cxb6 21. Rxb6 Nxc4 22. Rb4 Be6 23. Rxb7 Reb8 24. Qb1 Rxb7 25. Qxb7 Ra1 26. h4 Rxf1+ 27. Bxf1 Qe5 28. e3 Bd5 1-0

[Event "Hart House Reading Week op"]
[Site "Toronto CAN"]
[Date "2012.02.18"]
[Round "1"]
[White "Krnan, Tomas"]
[Black "Derraugh, Geordie"]
[Result "1-0"]
[WhiteElo "2531"]
[BlackElo "2186"]
[PlyCount "85"]
[GameId "2160767909576280"]
[EventDate "2012.02.18"]
[EventType "swiss"]
[EventRounds "6"]
[EventCountry "CAN"]
[SourceTitle "EXT 2022"]
[Source "ChessBase"]
[SourceDate "2021.10.06"]
[SourceVersion "1"]
[SourceVersionDate "2021.10.06"]
[SourceQuality "1"]

1. e4 e5 2. Nf3 Nc6 3. Bb5 a6 4. Ba4 Nf6 5. O-O Be7 6. Re1 b5 7. Bb3 O-O 8. c3 d5 9. exd5 Nxd5 10. Nxe5 Nxe5 11. Rxe5 c6 12. d3 Bd6 13. Re1 Qc7 14. g3 Kh8 15. Qf3 Ne7 16. Bg5 f6 17. d4 Ng6 18. Bd2 Bb7 19. Qh5 Ne7 20. Re4 g5 21. Re6 Ng8 22. Bc2 Rad8 23. c4 Bc8 24. Re1 Qg7 25. Nc3 Nh6 26. Qf3 c5 27. d5 bxc4 28. Ne4 Be5 29. Nxc5 Bxb2 30. Rab1 Be5 31. Ba5 g4 32. Qe4 Bf5 33. Qxc4 Bxc2 34. Qxc2 Rxd5 35. Ne6 Qf7 36. Nxf8 Qxf8 37. Rb7 Nf7 38. Bb4 Qg8 39. Rd1 Rxd1+ 40. Qxd1 Ng5 41. Qxg4 Bb2 42. Bd6 Qd5 43. Qc8+ 1-0

[Event "Hart House Reading Week op"]
[Site "Toronto CAN"]
[Date "2012.02.18"]
[Round "1"]
[White "Moffat, Andrei"]
[Black "Sapozhnikov, Roman"]
[Result "0-1"]
[WhiteElo "2186"]
[BlackElo "2535"]
[PlyCount "74"]
[GameId "2160767909576281"]
[EventDate "2012.02.18"]
[EventType "swiss"]
[EventRounds "6"]
[EventCountry "CAN"]
[SourceTitle "EXT 2022"]
[Source "ChessBase"]
[SourceDate "2021.10.06"]
[SourceVersion "1"]
[SourceVersionDate "2021.10.06"]
[SourceQuality "1"]

1. Nc3 d5 2. d4 Nf6 3. Bg5 Nbd7 4. e3 e6 5. Nf3 h6 6. Bxf6 Nxf6 7. Bd3 c5 8. O-O c4 9. Be2 Bb4 10. Nb1 Bd7 11. Ne5 O-O 12. c3 Bd6 13. Nd2 b5 14. f4 a5 15. g4 Be8 16. Qe1 Nd7 17. Qg3 f6 18. Nxd7 Bxd7 19. e4 e5 20. fxe5 fxe5 21. exd5 Qe7 22. Ne4 exd4 23. Qxd6 Qxe4 24. Qxd7 Qe3+ 25. Kh1 Qxe2 26. Rfe1 Qxb2 27. cxd4 Rf2 28. Qe6+ Kh8 29. Qe5 Raf8 30. d6 Qa3 31. Re3 Qb2 32. Ree1 Qc3 33. Kg1 R2f4 34. Rf1 Qd2 35. h3 Qd3 36. Kg2 Rxf1 37. Rxf1 Qxf1+ 0-1

[Event "Hart House Reading Week op"]
[Site "Toronto CAN"]
[Date "2012.02.18"]
[Round "1"]
[White "Semianiuk, Konstantin"]
[Black "Ye, Stephen"]
[Result "1-0"]
[WhiteElo "2218"]
[BlackElo "1954"]
[PlyCount "35"]
[GameId "2160767909576282"]
[EventDate "2012.02.18"]
[EventType "swiss"]
[EventRounds "6"]
[EventCountry "CAN"]
[SourceTitle "EXT 2022"]
[Source "ChessBase"]
[SourceDate "2021.10.06"]
[SourceVersion "1"]
[SourceVersionDate "2021.10.06"]
[SourceQuality "1"]

1. e4 c5 2. Nf3 Nc6 3. Bb5 g6 4. Bxc6 bxc6 5. O-O d5 6. Qe2 Bg7 7. exd5 cxd5 8. Qb5+ Qd7 9. Qxc5 Ba6 10. Re1 Rc8 11. Qa5 Qb7 12. Nc3 Nf6 13. Qa4+ Qc6 14. Qh4 O-O 15. d3 Rfe8 16. Bg5 Qd6 17. Qa4 Rc5 18. Bxf6 1-0

[Event "Hart House Reading Week op"]
[Site "Toronto CAN"]
[Date "2012.02.18"]
[Round "2"]
[White "Cheng, Bindi"]
[Black "Ziemann, Christian"]
[Result "1-0"]
[WhiteElo "2502"]
[BlackElo "2038"]
[PlyCount "69"]
[GameId "2160767909576283"]
[EventDate "2012.02.18"]
[EventType "swiss"]
[EventRounds "6"]
[EventCountry "CAN"]
[SourceTitle "EXT 2022"]
[Source "ChessBase"]
[SourceDate "2021.10.06"]
[SourceVersion "1"]
[SourceVersionDate "2021.10.06"]
[SourceQuality "1"]

1. d4 Nf6 2. Bg5 Ne4 3. Bf4 c5 4. f3 Qa5+ 5. c3 Nf6 6. d5 d6 7. e4 g6 8. Na3 Bd7 9. Nc4 Qd8 10. a4 Bg7 11. Qd2 O-O 12. Ne2 b5 13. axb5 Bxb5 14. Na5 Qb6 15. Be3 e5 16. dxe6 fxe6 17. Nf4 Bxf1 18. Rxf1 Bh6 19. Nc4 Qb3 20. Nxd6 Bxf4 21. Bxf4 Nc6 22. Ra3 Qb6 23. Qe2 e5 24. Bh6 Na5 25. Bxf8 Rxf8 26. Nc4 Nxc4 27. Qxc4+ Kh8 28. Rf2 a5 29. Rb3 Qc7 30. Rb5 Rc8 31. Rd2 Nh5 32. Qd5 Qe7 33. Qd7 Qf8 34. Rb7 Nf6 35. Qe7 1-0

[Event "Hart House Reading Week op"]
[Site "Toronto CAN"]
[Date "2012.02.18"]
[Round "2"]
[White "Derraugh, Geordie"]
[Black "Zhang, Yuanchen"]
[Result "1-0"]
[WhiteElo "2186"]
[BlackElo "2037"]
[PlyCount "93"]
[GameId "2160767909576284"]
[EventDate "2012.02.18"]
[EventType "swiss"]
[EventRounds "6"]
[EventCountry "CAN"]
[SourceTitle "EXT 2022"]
[Source "ChessBase"]
[SourceDate "2021.10.06"]
[SourceVersion "1"]
[SourceVersionDate "2021.10.06"]
[SourceQuality "1"]

1. e4 c5 2. c3 d5 3. exd5 Qxd5 4. d4 cxd4 5. cxd4 Nc6 6. Nf3 e5 7. Nc3 Bb4 8. Bd2 Bxc3 9. Bxc3 e4 10. Ne5 Nxe5 11. dxe5 Ne7 12. Be2 O-O 13. O-O Bf5 14. Qc1 Rfd8 15. Qg5 Qe6 16. Rfd1 h6 17. Qg3 Nd5 18. Bc4 Nxc3 19. Qxc3 Qc6 20. Qb3 Qc7 21. e6 fxe6 22. Bxe6+ Bxe6 23. Qxe6+ Qf7 24. Qxe4 Qxa2 25. Qxb7 Qe6 26. Re1 Qf6 27. Qb3+ Kh8 28. Re2 Rab8 29. Qa3 Qd4 30. h3 Rd7 31. Rae1 Rdb7 32. Qa2 Rf8 33. b3 Kh7 34. Qc2+ Kg8 35. Re4 Qd5 36. R1e3 Rbf7 37. Re2 Rb7 38. R4e3 Rb6 39. Rd2 Qc6 40. Qxc6 Rxc6 41. Re7 Rb6 42. Rdd7 Rff6 43. Rxg7+ Kh8 44. Rh7+ Kg8 45. Rdg7+ Kf8 46. Rxa7 Kg8 47. Rhb7 1-0

[Event "Hart House Reading Week op"]
[Site "Toronto CAN"]
[Date "2012.02.18"]
[Round "2"]
[White "Itkin, David"]
[Black "Gusev, Nikita"]
[Result "1/2-1/2"]
[WhiteElo "2129"]
[BlackElo "2268"]
[PlyCount "72"]
[GameId "2160767909576285"]
[EventDate "2012.02.18"]
[EventType "swiss"]
[EventRounds "6"]
[EventCountry "CAN"]
[SourceTitle "EXT 2022"]
[Source "ChessBase"]
[SourceDate "2021.10.06"]
[SourceVersion "1"]
[SourceVersionDate "2021.10.06"]
[SourceQuality "1"]

1. e4 c5 2. Nf3 e6 3. d4 cxd4 4. Nxd4 a6 5. Nc3 Qc7 6. g3 Bb4 7. Bd2 Nc6 8. Nb3 Nf6 9. Bg2 Be7 10. O-O d6 11. a4 b6 12. Kh1 Rb8 13. f4 h5 14. h3 Nd7 15. Be3 Na5 16. Bd4 Kf8 17. Qf3 Nc4 18. Ne2 Bf6 19. Bxf6 gxf6 20. Qc3 Bb7 21. Nbd4 Rc8 22. f5 e5 23. Ne6+ fxe6 24. fxe6 Ke7 25. exd7 Qxd7 26. b3 Na5 27. Qf3 f5 28. Qe3 Rhf8 29. Qg5+ Ke8 30. Qxh5+ Kd8 31. Rad1 Rxc2 32. Qh6 Ke7 33. Qg5+ Ke8 34. Qg6+ Ke7 35. Qg5+ Ke8 36. Qg6+ Ke7 1/2-1/2

[Event "Hart House Reading Week op"]
[Site "Toronto CAN"]
[Date "2012.02.18"]
[Round "2"]
[White "Xu, Haizhou"]
[Black "Krnan, Tomas"]
[Result "0-1"]
[WhiteElo "2238"]
[BlackElo "2531"]
[PlyCount "64"]
[GameId "2160767909576286"]
[EventDate "2012.02.18"]
[EventType "swiss"]
[EventRounds "6"]
[EventCountry "CAN"]
[SourceTitle "EXT 2022"]
[Source "ChessBase"]
[SourceDate "2021.10.06"]
[SourceVersion "1"]
[SourceVersionDate "2021.10.06"]
[SourceQuality "1"]

1. Nf3 Nf6 2. g3 d6 3. Bg2 g6 4. O-O Bg7 5. c4 O-O 6. Nc3 Nc6 7. d3 e5 8. Rb1 a5 9. a3 Re8 10. Bg5 h6 11. Bxf6 Bxf6 12. b4 axb4 13. axb4 Ne7 14. Qb3 Be6 15. Nd2 c6 16. b5 d5 17. Rfc1 Bg5 18. cxd5 cxd5 19. Qd1 f5 20. h4 Bf6 21. b6 f4 22. e4 fxe3 23. fxe3 Ra6 24. Na4 Nf5 25. Nc5 Rxb6 26. Nxb7 Rxb7 27. Rxb7 Nxg3 28. Rcc7 e4 29. Nf1 Be5 30. Rh7 Nxf1 31. Qxf1 Qxh4 32. Qf2 Qh2+ 0-1

[Event "Hart House Reading Week op"]
[Site "Toronto CAN"]
[Date "2012.02.19"]
[Round "2"]
[White "Greeff, Melissa"]
[Black "Moffat, Andrei"]
[Result "0-1"]
[WhiteElo "2074"]
[BlackElo "2186"]
[PlyCount "128"]
[GameId "2160767909576287"]
[EventDate "2012.02.18"]
[EventType "swiss"]
[EventRounds "6"]
[EventCountry "CAN"]
[SourceTitle "EXT 2022"]
[Source "ChessBase"]
[SourceDate "2021.10.06"]
[SourceVersion "1"]
[SourceVersionDate "2021.10.06"]
[SourceQuality "1"]

1. e4 c5 2. Nf3 Nc6 3. d3 e6 4. g3 a6 5. Bg2 b5 6. O-O Bb7 7. c3 d5 8. Nbd2 Nf6 9. Re1 dxe4 10. dxe4 Qb6 11. Qe2 Be7 12. e5 Nd7 13. Nf1 O-O 14. h4 c4 15. h5 Nc5 16. Be3 Qc7 17. Bxc5 Bxc5 18. h6 g6 19. N1h2 Ne7 20. Ng4 Nf5 21. Kh2 Be7 22. Nd2 Rfd8 23. Bxb7 Qxb7 24. b3 cxb3 25. axb3 b4 26. Nf3 bxc3 27. Rec1 Rac8 28. Ne3 Nxh6 29. Rab1 Qe4 30. Rc2 Qd3 31. Qxd3 Rxd3 32. Rbc1 Bb4 33. Ne1 Rxe3 34. fxe3 Ng4+ 35. Kh3 Nxe5 36. Rd1 Kg7 37. Rd4 a5 38. Nd3 Nxd3 39. Rxd3 Rc5 40. Rd7 Kf6 41. g4 Ke5 42. Rxf7 Ke4 43. Kg3 Kd3 44. Rff2 Re5 45. Kg2 Rxe3 46. Kf1 Ba3 47. g5 Bb2 48. Rxb2 cxb2 49. Rxb2 Kc3 50. Ra2 Re5 51. Rh2 Kxb3 52. Rxh7 a4 53. Ra7 a3 54. Rb7+ Kc2 55. Rc7+ Kb1 56. Rb7+ Ka1 57. Rb6 a2 58. Kf2 Rc5 59. Kf3 Rc1 60. Rxe6 Kb2 61. Rb6+ Kc2 62. Rc6+ Kd2 63. Rd6+ Ke1 64. Re6+ Kf1 0-1

[Event "Hart House Reading Week op"]
[Site "Toronto CAN"]
[Date "2012.02.18"]
[Round "3"]
[White "Vavrak, Peter"]
[Black "Kleinman, Michael"]
[Result "1-0"]
[WhiteElo "2498"]
[BlackElo "2407"]
[PlyCount "53"]
[GameId "2160767909576288"]
[EventDate "2012.02.18"]
[EventType "swiss"]
[EventRounds "6"]
[EventCountry "CAN"]
[SourceTitle "EXT 2022"]
[Source "ChessBase"]
[SourceDate "2021.10.06"]
[SourceVersion "1"]
[SourceVersionDate "2021.10.06"]
[SourceQuality "1"]

1. d4 Nf6 2. c4 g6 3. g3 c6 4. d5 cxd5 5. cxd5 d6 6. Bg2 Bg7 7. Nc3 O-O 8. Nf3 Na6 9. O-O Bg4 10. Nd4 Qd7 11. Re1 Bh3 12. Bh1 Rfc8 13. e4 Rc4 14. Ndb5 Ng4 15. Qe2 Qc8 16. Bg5 Kf8 17. Rac1 Rc5 18. Bg2 Bxg2 19. Kxg2 Bxc3 20. bxc3 Rc4 21. h3 Ne5 22. f4 Nd7 23. Nd4 Rc5 24. Qb2 Rc7 25. c4 Ndc5 26. Nf5 e5 27. dxe6 1-0

[Event "Hart House Reading Week op"]
[Site "Toronto CAN"]
[Date "2012.02.19"]
[Round "3"]
[White "Preotu, Razvan"]
[Black "Itkin, David"]
[Result "1-0"]
[WhiteElo "2192"]
[BlackElo "2129"]
[PlyCount "43"]
[GameId "2160767909576289"]
[EventDate "2012.02.18"]
[EventType "swiss"]
[EventRounds "6"]
[EventCountry "CAN"]
[SourceTitle "EXT 2022"]
[Source "ChessBase"]
[SourceDate "2021.10.06"]
[SourceVersion "1"]
[SourceVersionDate "2021.10.06"]
[SourceQuality "1"]

1. e4 d5 2. exd5 Nf6 3. d4 Bg4 4. Be2 Bxe2 5. Qxe2 Qxd5 6. Nf3 Nc6 7. c4 Qf5 8. Nc3 O-O-O 9. d5 Nb4 10. O-O Nd3 11. Rd1 Nxc1 12. Raxc1 g6 13. Qe3 b6 14. Nd4 Qh5 15. Ncb5 Rd7 16. Nxa7+ Kb7 17. c5 Bh6 18. c6+ Kb8 19. Qa3 Bxc1 20. Rxc1 Qg5 21. Rf1 Qd2 22. Qa6 1-0

[Event "Hart House Reading Week op"]
[Site "Toronto CAN"]
[Date "2012.02.19"]
[Round "3"]
[White "Sapozhnikov, Roman"]
[Black "Semianiuk, Konstantin"]
[Result "1-0"]
[WhiteElo "2535"]
[BlackElo "2218"]
[PlyCount "71"]
[GameId "2160767909576290"]
[EventDate "2012.02.18"]
[EventType "swiss"]
[EventRounds "6"]
[EventCountry "CAN"]
[SourceTitle "EXT 2022"]
[Source "ChessBase"]
[SourceDate "2021.10.06"]
[SourceVersion "1"]
[SourceVersionDate "2021.10.06"]
[SourceQuality "1"]

1. e4 c5 2. Nf3 Nc6 3. d4 cxd4 4. Nxd4 Qb6 5. Nb3 Nf6 6. Nc3 e6 7. Bd3 Be7 8. O-O O-O 9. Kh1 a6 10. f4 d6 11. Qe2 Qc7 12. a4 b6 13. Be3 Bb7 14. Nd2 Nd7 15. Qh5 g6 16. Qh3 f5 17. Nf3 Nb4 18. Rae1 Rae8 19. Qh6 Bf6 20. Ng5 Bxg5 21. Qxg5 Nxd3 22. cxd3 Nc5 23. Rd1 Qc6 24. Bd4 Nb3 25. Bf6 Qd7 26. Rfe1 d5 27. Ne2 Qf7 28. Be5 Rc8 29. Ng3 Nc5 30. exf5 exf5 31. Nh5 Nd7 32. Bd4 Rfe8 33. Ng7 Rxe1+ 34. Rxe1 Kf8 35. Ne6+ Kg8 36. Nd8 1-0

[Event "Hart House Reading Week op"]
[Site "Toronto CAN"]
[Date "2012.02.19"]
[Round "3"]
[White "Semianiuk, Konstantin"]
[Black "Derraugh, Geordie"]
[Result "0-1"]
[WhiteElo "2218"]
[BlackElo "2186"]
[PlyCount "78"]
[GameId "2160767909576291"]
[EventDate "2012.02.18"]
[EventType "swiss"]
[EventRounds "6"]
[EventCountry "CAN"]
[SourceTitle "EXT 2022"]
[Source "ChessBase"]
[SourceDate "2021.10.06"]
[SourceVersion "1"]
[SourceVersionDate "2021.10.06"]
[SourceQuality "1"]

1. e4 e5 2. Nf3 Nc6 3. d4 exd4 4. Nxd4 Bc5 5. Be3 Qf6 6. c3 Nge7 7. g3 O-O 8. Bg2 Ne5 9. O-O d6 10. h3 Nc4 11. Bc1 Nc6 12. Nxc6 bxc6 13. b3 Ne5 14. Qe2 a5 15. Bb2 Qh6 16. g4 Qh4 17. Nd2 h5 18. Nf3 Nxf3+ 19. Qxf3 hxg4 20. hxg4 Bxg4 21. Qf4 Qh5 22. c4 Rae8 23. Rac1 Re6 24. Rc3 Rf6 25. Qd2 Bb4 26. Qe3 Rg6 27. Rd3 Bd2 28. Qg3 Bf5 29. Rxd2 Rxg3 30. fxg3 Bg6 31. Rf4 Qc5+ 32. Bd4 Qb4 33. Rdf2 a4 34. R2f3 Qd2 35. Bc3 Qxa2 36. bxa4 Qxa4 37. Rg4 Qxc4 38. Bh3 Re8 39. e5 Qd5 0-1

[Event "Hart House Reading Week op"]
[Site "Toronto CAN"]
[Date "2012.02.19"]
[Round "3"]
[White "Ziemann, Christian"]
[Black "Inigo, Aquino"]
[Result "0-1"]
[WhiteElo "2038"]
[BlackElo "2186"]
[PlyCount "40"]
[GameId "2160767909576292"]
[EventDate "2012.02.18"]
[EventType "swiss"]
[EventRounds "6"]
[EventCountry "CAN"]
[SourceTitle "EXT 2022"]
[Source "ChessBase"]
[SourceDate "2021.10.06"]
[SourceVersion "1"]
[SourceVersionDate "2021.10.06"]
[SourceQuality "1"]

1. e4 e6 2. d4 d5 3. Nc3 Bb4 4. e5 c5 5. Qg4 Ne7 6. dxc5 Bxc3+ 7. bxc3 O-O 8. Nf3 Qa5 9. Qb4 Qc7 10. Bd3 Nbc6 11. Qh4 Ng6 12. Bxg6 fxg6 13. Qg3 Qa5 14. O-O Qxc3 15. Be3 d4 16. Bf4 Qxc5 17. Rfd1 Bd7 18. Qh4 Qxc2 19. Nxd4 Qe4 20. Nxc6 Bxc6 0-1

[Event "Hart House Reading Week op"]
[Site "Toronto CAN"]
[Date "2012.02.18"]
[Round "4"]
[White "Noritsyn, Nikolay"]
[Black "Krnan, Tomas"]
[Result "1/2-1/2"]
[WhiteElo "2630"]
[BlackElo "2531"]
[PlyCount "113"]
[GameId "2160767909576293"]
[EventDate "2012.02.18"]
[EventType "swiss"]
[EventRounds "6"]
[EventCountry "CAN"]
[SourceTitle "EXT 2022"]
[Source "ChessBase"]
[SourceDate "2021.10.06"]
[SourceVersion "1"]
[SourceVersionDate "2021.10.06"]
[SourceQuality "1"]

1. c4 g6 2. Nc3 Bg7 3. g3 c5 4. Bg2 Nc6 5. a3 Nf6 6. Rb1 a5 7. Nh3 O-O 8. O-O d6 9. d3 Bd7 10. Nf4 Rb8 11. Bd2 Ne8 12. Nb5 Nc7 13. Bc3 Nxb5 14. cxb5 Nd4 15. a4 b6 16. e3 Ne6 17. Ne2 Nc7 18. d4 Bg4 19. Re1 e5 20. h3 Bxe2 21. Rxe2 exd4 22. exd4 Ne6 23. dxc5 dxc5 24. Bd5 Nd4 25. Bxd4 Bxd4 26. Qb3 Qd6 27. Kg2 Rbd8 28. Bc6 Qf6 29. Rd1 Rd6 30. Bd5 Qd8 31. Bc4 Kg7 32. Qf3 Rf6 33. Qe4 Rf5 34. f4 h5 35. b3 Rf6 36. Rf1 Qd7 37. Rf3 Rd8 38. Qe7 Qd6 39. g4 Rd7 40. Qxd6 Rfxd6 41. g5 h4 42. Rd3 Kf8 43. Kf3 f5 44. gxf6 Bxf6 45. Rde3 Re7 46. Kg4 Rxe3 47. Rxe3 Be7 48. Re4 Rd4 49. Re6 Rd6 50. Rxd6 Bxd6 51. Kxh4 Bxf4 52. Kg4 Bd2 53. Kf3 Ke7 54. h4 Be1 55. Kg4 Kf6 56. Bd3 Bf2 57. Bc4 1/2-1/2

[Event "Hart House Reading Week op"]
[Site "Toronto CAN"]
[Date "2012.02.19"]
[Round "4"]
[White "Calugar, Arthur"]
[Black "Hambleton, Aman"]
[Result "1-0"]
[WhiteElo "2377"]
[BlackElo "2417"]
[PlyCount "63"]
[GameId "2160767909576294"]
[EventDate "2012.02.18"]
[EventType "swiss"]
[EventRounds "6"]
[EventCountry "CAN"]
[SourceTitle "EXT 2022"]
[Source "ChessBase"]
[SourceDate "2021.10.06"]
[SourceVersion "1"]
[SourceVersionDate "2021.10.06"]
[SourceQuality "1"]

1. Nf3 Nf6 2. b3 c5 3. Bb2 e6 4. e3 Be7 5. d4 cxd4 6. exd4 b6 7. Bd3 Bb7 8. O-O O-O 9. Nbd2 d6 10. Ng5 Nbd7 11. c4 Re8 12. f4 g6 13. Qc2 Bf8 14. d5 exd5 15. f5 Ne5 16. fxg6 fxg6 17. Bxg6 hxg6 18. Bxe5 Rxe5 19. Qxg6+ Bg7 20. Ndf3 Qe7 21. Nxe5 dxe5 22. Rxf6 Qxf6 23. Qh7+ Kf8 24. Rf1 Ke7 25. Rxf6 Kxf6 26. Ne6 Kxe6 27. Qxg7 Bc6 28. Qg6+ Kd7 29. Qf5+ Kd6 30. Qf6+ Kd7 31. cxd5 Bxd5 32. Qxe5 1-0

[Event "Hart House Reading Week op"]
[Site "Toronto CAN"]
[Date "2012.02.19"]
[Round "4"]
[White "Derraugh, Geordie"]
[Black "Preotu, Razvan"]
[Result "0-1"]
[WhiteElo "2186"]
[BlackElo "2192"]
[PlyCount "98"]
[GameId "2160767909576295"]
[EventDate "2012.02.18"]
[EventType "swiss"]
[EventRounds "6"]
[EventCountry "CAN"]
[SourceTitle "EXT 2022"]
[Source "ChessBase"]
[SourceDate "2021.10.06"]
[SourceVersion "1"]
[SourceVersionDate "2021.10.06"]
[SourceQuality "1"]

1. e4 c5 2. c3 d5 3. exd5 Qxd5 4. d4 Nc6 5. Nf3 Bg4 6. Be2 cxd4 7. cxd4 e6 8. Nc3 Qd6 9. d5 exd5 10. Qxd5 Nf6 11. Qxd6 Bxd6 12. O-O O-O 13. Bg5 Rfe8 14. Bxf6 gxf6 15. Nd4 Bxe2 16. Ndxe2 Be5 17. Rad1 Rad8 18. Ng3 Nb4 19. Nge2 Nd3 20. Rd2 Nf4 21. Rxd8 Nxe2+ 22. Nxe2 Rxd8 23. f4 Bxb2 24. Rb1 Rd2 25. Kf1 Ba3 26. Rxb7 Bc5 27. Ng3 Rf2+ 28. Ke1 Rxg2 29. Ne4 Bd4 30. Rd7 f5 31. Ng3 Bf2+ 32. Kf1 Rxh2 33. Nxf5 Bb6 34. Rb7 h5 35. Nh6+ Kg7 36. Nxf7 Rf2+ 37. Ke1 Rxf4 38. Nd6+ Kg6 39. Nc8 Bf2+ 40. Ke2 h4 41. Ne7+ Kg5 42. Nd5 Rf8 43. Nc3 Bb6 44. Rg7+ Kh6 45. Rg2 Kh5 46. Nd5 h3 47. Rg7 Rf2+ 48. Ke1 h2 49. Nf4+ Kh6 0-1